La carta de la Tierra /
| Institution som forfatter: | |
|---|---|
| Format: | Bog |
| Sprog: | spansk |
| Udgivet: |
[Lugar de publicación no identificado] :
200?
|
| Fag: |
MARC
| LEADER | 00000nam a2200000 4500 | ||
|---|---|---|---|
| 008 | 190508b2000 ||||| |||| 00| | spa d | ||
| 999 | |c 3729 |d 3729 | ||
| 090 | |a DOC #99 | ||
| 110 | |9 4570 |a Consejo Internacional de la Carta de la Tierra | ||
| 245 | 1 | 3 | |a La carta de la Tierra / |c Consejo Internacional de la Carta de la Tierra |
| 260 | |a [Lugar de publicación no identificado] : |c 200? | ||
| 300 | |a panfleto | ||
| 650 | 0 | |9 443 |a DESARROLLO SOSTENIBLE | |
| 942 | |i 003078,003085,003086,003077 |h DOC #99 |2 z |c 05 | ||
